000 01094nam a2200205Ia 4500
003 Ost
005 20260416102359.0
008 260416s9999||||xx |||||||||||||| ||und||
040 _cfsecg
041 _aara
100 _aبليل،حسيبة
_eمؤلف
245 0 _a دروس وتطبيقات محلولة في مقياس الاحصاء 3 :
_bموجهة لطلبة السنة الثانية ليسانس ل.م.د /
_cحسيبة بليل
260 _aالجزائر
_bجامعة الجزائر3: كلية العلوم الإقتصادية، العلوم التجارية وعلوم التسيير
_c2020
300 _a51 ورقة
_bايضاحات
_c30 سم
504 _aمراجع ص.46 ملاحق ص.49
520 _aالإطار المفاهيمي للإحصاء الإستدلالي،توزيعات المعاينة،نظرية التقدير، إختبار الفروض.
653 _aالاحصاء
710 _aجامعة الجزائر3: كلية العلوم الإقتصادية، العلوم التجارية وعلوم التسيير
_eناشر علمي
942 _cHANDOUT
999 _c41322
_d41322